Aeroportos do Brasil com voos comerciais - Statistics

Estatísticas Gerais
  • Esse quiz foi jogado 46 vezes
    3 desde o último reset
  • A pontuação média é 96 de 152
Estatísticas das Respostas
Estado Cidade (Aeroporto) % Correto
PA Altamira
100%
SE Aracaju
100%
BA Barreiras
100%
PA Belém
100%
MG Belo Horizonte (Confins)
100%
DF Brasília
100%
GO Caldas Novas
100%
PB Campina Grande
100%
SP Campinas (Viracopos)
100%
MS Campo Grande
100%
PA Carajás / Parauapebas
100%
PE Caruaru
100%
PR Cascavel
100%
SC Chapecó
100%
AC Cruzeiro do Sul
100%
MT Cuiabá
100%
PR Curitiba
100%
SC Florianópolis
100%
PR Foz do Iguaçu
100%
GO Goiânia
100%
BA Ilhéus
100%
CE Jijoca de Jericoacoara / Cruz
100%
PB João Pessoa
100%
CE Juazeiro do Norte
100%
PR Londrina
100%
AP Macapá
100%
AM Manaus
100%
PA Marabá
100%
PR Maringá
100%
MG Montes Claros
100%
RN Natal
100%
SC Navegantes
100%
TO Palmas
100%
AM Parintins
100%
PI Parnaíba
100%
PB Patos
100%
MG Patos de Minas
100%
PE Petrolina
100%
RS Porto Alegre
100%
BA Porto Seguro
100%
RO Porto Velho
100%
PE Recife
100%
SP Ribeirão Preto
100%
AC Rio Branco
100%
RJ Rio de Janeiro (Galeão)
100%
RJ Rio de Janeiro (Jacarepaguá)
100%
RJ Rio de Janeiro (Santos Dumont)
100%
BA Salvador
100%
RS Santa Maria
100%
PA Santarém
100%
SP São José do Rio Preto
100%
SP São Paulo (Congonhas)
100%
SP São Paulo (Guarulhos)
100%
MT Sinop
100%
AM Tabatinga
100%
AM Tefé
100%
PI Teresina
100%
MG Uberaba
100%
MG Uberlândia
100%
RS Uruguaiana
100%
ES Vitória
100%
BA Vitória da Conquista
100%
MG Zona da Mata / Juiz de Fora
100%
AM Apuí
67%
SP Araçatuba
67%
SP Araraquara
67%
MG Araxá
67%
RR Boa Vista
67%
MS Bonito
67%
RJ Cabo Frio
67%
PB Cajazeiras
67%
RS Caxias do Sul
67%
AM Coari
67%
MS Corumbá
67%
MS Dourados
67%
PE Fernando de Noronha
67%
CE Fortaleza
67%
SP Franca
67%
PE Garanhuns
67%
MG Governador Valadares
67%
BA Guanambi
67%
PR Guarapuava
67%
MA Imperatriz
67%
MG Ipatinga
67%
RO Ji-Paraná
67%
SC Joinville
67%
AL Maceió
67%
AM Manicoré
67%
SP Marília
67%
AM Maués
67%
RN Mossoró
67%
AP Oiapoque
67%
MG Paracatu
67%
RS Pelotas
67%
SP Presidente Prudente
67%
MT Rondonópolis
67%
AM São Gabriel da Cachoeira
67%
SP São José dos Campos
67%
MA São Luís
67%
MG Varginha
67%
MT Alta Floresta
33%
PE Araripina
33%
MT Barra do Garças
33%
SP Barretos
33%
SP Bauru / Arealva
33%
AM Borba
33%
PA Breves
33%
RO Cacoal
33%
MG Divinópolis
33%
PA Itaituba
33%
PA Juruti
33%
AM Lábrea
33%
ES Linhares
33%
PA Paragominas
33%
RS Passo Fundo
33%
PR Pato Branco
33%
MS Ponta Porã
33%
PA Porto de Moz
33%
MG Salinas
33%
RS Santo Ângelo
33%
PE Serra Talhada
33%
MT Sorriso
33%
MG Teófilo Otoni
33%
PA Tucuruí
33%
BA Una / Comandatuba
33%
RO Vilhena
33%
MT Água Boa
0%
PA Almeirim
0%
MT Aripuanã
0%
BA Barra Grande / Maraú
0%
BA Boipeba / Cairu
0%
AM Carauari
0%
PR Guaíra
0%
SC Jaguaruna
0%
MT Juína
0%
BA Lençóis
0%
MG Manhuaçu
0%
PA Monte Alegre
0%
PA Monte Dourado
0%
BA Morro de São Paulo
0%
PA Óbidos
0%
PA Oriximiná
0%
PA Ourilândia do Norte
0%
RO Pimenta Bueno
0%
PA Porto Trombetas
0%
AM Porto Urucu
0%
PA Salinópolis
0%
AM Santa Isabel do Rio Negro / Tapuruquara
0%
MT São Félix do Araguaia
0%
PR Telêmaco Borba
0%
PR Umuarama
0%
PR União da Vitória
0%
Nenhum quiz correspondente encontrado
Distribuição das Pontuações
Porcentagem de Pessoas com Cada Pontuação
Percentil de Números Respondidos
Sua Pontuação Histórica
Você não jogou esse quiz desde o último reset